000 00538nam a22001697a 4500
005 20231206084740.0
008 231206b |||||||| |||| 00| 0 eng d
041 _aEnglish
082 _a346.5 MEY
100 _aMeyerowitz, D
_lEnglish
245 _aThe Law and Practice of Administration of Estates /
_cD Meyerowitz
250 _aFourth Edition
260 _aCape Town :
_bJuta and Company Ltd,
_c1966
300 _bxxix, 635 pages ;
_c26 cm.
650 _aLegal practice
_bLaw
942 _cBK
_6ALISON_BN_VRIES
999 _c1141
_d1141